| 000 | 00570cam a22002173a 4500 | ||
|---|---|---|---|
| 001 | 19842 | ||
| 003 | PGUSA | ||
| 005 | 20140828083424.0 | ||
| 008 | 061118s2006||||xxu|||||s|||||000 | eng d | ||
| 040 |
_aPGUSA _beng |
||
| 042 | _adc | ||
| 050 | 4 | _aBS | |
| 245 | 1 | 0 |
_aÉvangile selon Jean _h[electronic resource] / _cAnonymous |
| 260 |
_bProject Gutenberg, _c2006 |
||
| 506 | _aPublic domain in the USA. | ||
| 516 | _aElectronic text | ||
| 653 | _aBible. John | ||
| 830 | 0 |
_aProject Gutenberg _v19842 |
|
| 856 | 4 | 0 | _uhttp://www.gutenberg.org/ebooks/19842 |
| 942 | _cEB | ||
| 999 |
_c249097 _d249097 |
||